Statistics for Most ... Country of the World

Click here to take the quiz!

General Stats

  • This quiz has been taken 102 times
    (39 since last reset)
  • The average score is 10 of 16

Answer Stats

HintClueAnswer% Correct
Largest in area17 million km squaredRussia
100%
Smallest in area0.44 km squaredVatican City
97%
Largest in population1.3 milliard/billionChina
95%
Lowest in Recorded Temperature-67 CRussia
89%
Smallest in population1000Vatican City
86%
Longest in Coastline202 thousand kmCanada
81%
Newest2011South Sudan
81%
Oldest3100 B.CEgypt
73%
Highest in Recorded Temperature56.7 CUnited States of America
68%
Highest Elevation Point8848 meters above sea levelChina | Nepal
65%
Lowest in Average Temperature-7.14Canada
54%
Shortest in Coastline4.1 kmMonaco
49%
Highest Average Elevation3280 metersBhutan
41%
Lowest Elevation Point428 meters under sea levelJordan | Palestine
22%
Lowest Average Elevation1.8 meterMaldives
19%
Highest in Average Temperature38.3 CMali
8%

Score Distribution

Percentile by Number Answered

Percent of People with Each Score

Your Score History

You have not taken this quiz since the last reset